000
00340nam a2200145Ia 4500
003
OSt
005
20240315142459.0
008
170523s9999 xx 000 0 und d
020
_a
9780199456536
040
_c
IIMT UNIVERSITY MEERUT
100
_a
Sharma- A.
245
0
_a
Professional Communication
260
_a
Arihant
942
_2
ddc
_c
02
999
_c
11602
_d
11602